MARC

LEADER 00000nam0a2200000 4500
001 311494
005 20231102002406.0
020 |a RU  |b 82-16587 
035 |a (RuTPU)RU\TPU\book\336851 
090 |a 311494 
100 |a 20151208d1981 km y0rusy5003 ca 
101 0 |a rus 
102 |a UA 
105 |a a z 001zy 
200 1 |a Методика и практика геофизических исследований  |e сборник статей  |f Украинский научно-исследовательский геологоразведочный институт (УкрНИГРИ) ; под ред. Ю. Б. Кравченко 
210 |a Львов  |c Изд-во УкрНИГРИ  |d 1981 
215 |a 105 с.  |c ил. 
320 |a Библиогр. в конце ст. 
606 1 |a Геофизическая разведка  |2 stltpush  |3 (RuTPU)RU\TPU\subj\6259  |9 34187 
610 1 |a геофизические исследования 
610 1 |a сейсморазведка 
610 1 |a полевые наблюдения 
610 1 |a методика 
610 1 |a алгоритмы обработки 
610 1 |a горные породы 
610 1 |a физические свойства 
610 1 |a определение 
610 1 |a электрометрические исследования 
610 1 |a залежи нефти 
610 1 |a прогнозирование 
610 1 |a гравиразведка 
610 1 |a аэромагнитная съемка 
610 1 |a промысловая геофизика 
675 |a 550.83  |z rus  |v 3 
702 1 |a Кравченко  |b Ю. Б.  |4 340 
712 0 2 |a Украинский научно-исследовательский геологоразведочный институт  |c (Львов/Киев)  |c (1957-1991)  |2 stltpush  |3 (RuTPU)RU\TPU\col\2063  |9 23645 
801 0 |a RU  |b RuMRKP  |c 19950704  |g psbo 
801 1 |a RU  |b 63413507  |c 20151208 
801 2 |a RU  |b 63413507  |c 20210330  |g RCR 
942 |c BK